Name a Valid 5-Letter Word by Two Letter Sequence - Statistics

General Stats
  • This quiz has been taken 1,974 times
  • The average score is 241 of 462
Answer Stats
Letters Answer # Example % Correct
ER 573 where
93%
AL 380 along
92%
AR 448 heart
92%
ES 640 these
92%
AN 362 plant
91%
EA 234 early
91%
LA 319 large
91%
LE 360 least
91%
TE 312 terms
91%
AB 109 about
90%
AC 153 facts
90%
AS 357 asked
90%
IN 427 think
90%
OR 285 world
90%
RA 381 range
90%
RE 437 areas
90%
BA 162 based
89%
AD 165 added
88%
AM 207 among
88%
AT 226 later
88%
ST 295 state
88%
AI 160 daily
87%
AP 135 paper
87%
BE 178 being
87%
BO 167 above
87%
CA 197 cases
87%
DE 248 death
87%
EN 264 seven
87%
HA 210 hands
87%
LO 259 local
87%
MA 235 woman
87%
TA 235 table
87%
TS 307 parts
87%
CH 248 child
86%
ME 218 means
86%
NE 244 never
86%
ON 289 alone
86%
CK 144 block
85%
ED 484 needs
85%
EL 242 below
85%
GA 147 legal
85%
HE 180 there
85%
LL 172 allow
85%
OU 160 house
85%
RO 283 group
85%
VE 219 level
85%
DA 89 today
84%
EE 209 seems
84%
FA 92 faith
84%
IL 245 miles
84%
KS 193 looks
84%
LS 190 walls
84%
NS 190 plans
84%
PA 190 party
84%
QU 71 quite
84%
SE 284 sense
84%
BR 100 bring
83%
IT 194 white
83%
KE 195 makes
83%
LI 222 light
83%
NG 158 thing
83%
RS 161 hours
83%
WA 129 water
83%
BL 84 black
82%
CO 221 could
82%
HO 196 those
82%
IC 187 price
82%
PE 232 peace
82%
RI 278 right
82%
UT 131 mouth
82%
CE 139 cells
81%
DS 160 words
81%
ND 105 sound
81%
RT 95 short
81%
UN 199 under
81%
UR 225 court
81%
AG 121 again
80%
AV 99 leave
80%
NA 171 final
80%
OO 215 blood
80%
TH 161 their
80%
BI 112 birth
79%
CR 101 cross
79%
GE 164 stage
79%
GR 85 great
79%
HI 138 while
79%
ID 165 ideas
79%
OA 87 board
79%
OW 133 shown
79%
TO 199 total
79%
ZE 83 sizes
79%
AF 54 after
78%
DO 154 doing
78%
IS 216 basis
78%
JA 43 jails
78%
MO 153 money
78%
NO 128 north
78%
NT 142 until
78%
OS 220 whose
78%
PP 38 happy
78%
PS 147 corps
78%
SA 147 sales
78%
BU 104 built
77%
FI 89 first
77%
IG 81 sight
77%
IR 176 third
77%
OL 200 whole
77%
PL 63 place
77%
UA 47 guard
77%
US 201 using
77%
AK 99 taken
76%
DI 136 media
76%
EB 50 debts
76%
GH 54 fight
76%
IE 138 field
76%
OM 121 women
76%
SH 186 shall
76%
AW 93 aware
75%
CL 78 class
75%
FE 83 offer
75%
MI 158 might
75%
PI 147 piece
75%
RD 69 order
75%
UL 142 rules
75%
UM 147 serum
75%
VA 75 value
75%
WE 123 lower
75%
AZ 63 crazy
74%
FT 44 fifth
74%
LU 139 fluid
74%
NI 116 night
74%
PO 127 power
74%
RU 135 truth
74%
TI 124 still
74%
XE 68 mixed
74%
AY 86 layer
73%
BS 61 clubs
73%
ET 170 metal
73%
IM 118 times
73%
MS 94 items
73%
NK 104 banks
73%
OT 172 other
73%
RY 90 story
73%
TY 128 types
73%
AU 105 cause
72%
AX 51 taxes
72%
DR 72 drawn
72%
JO 40 joint
72%
KI 76 kinds
72%
OC 76 stock
72%
OP 121 scope
72%
TR 119 trade
72%
UE 74 queen
72%
GI 82 given
71%
GL 78 glass
71%
LY 138 apply
71%
MB 65 limbs
71%
SI 105 since
71%
UI 50 build
71%
YA 56 yards
71%
BB 34 abbey
70%
DD 35 daddy
70%
EC 75 check
70%
FL 79 floor
70%
FO 67 found
70%
GO 115 going
70%
SS 81 issue
70%
YE 75 years
70%
CU 100 focus
69%
DY 83 ready
69%
FU 51 fully
69%
GS 90 drugs
69%
MP 96 empty
69%
OB 66 noble
69%
OD 100 model
69%
SL 73 sleep
69%
SP 119 space
69%
UD 65 proud
69%
WI 105 wider
69%
EM 93 enemy
68%
EV 42 every
68%
EX 60 exist
68%
FF 75 staff
68%
IV 65 river
68%
OI 83 point
68%
SO 120 south
68%
FR 52 front
67%
JE 31 jeans
67%
OV 50 moved
67%
BY 47 lobby
66%
CT 38 exact
66%
DU 81 adult
66%
EI 70 eight
66%
IO 53 union
66%
IP 74 ships
66%
LT 73 fault
66%
OK 74 books
66%
SC 82 scale
66%
TT 77 utter
66%
VI 90 visit
66%
WS 58 shows
66%
EP 79 steps
65%
EY 84 honey
65%
LD 51 older
65%
NC 62 hence
65%
NY 65 funny
65%
PY 65 puppy
65%
RN 61 learn
65%
GU 74 guide
64%
HU 76 human
64%
NN 57 inner
64%
SK 87 skill
64%
TU 79 study
64%
UC 67 touch
64%
WO 53 would
64%
YS 51 plays
64%
HT 20 tight
63%
KA 75 karma
63%
OG 77 logic
63%
PU 81 pulse
63%
RK 61 works
63%
SU 63 usual
63%
GG 41 buggy
62%
IA 101 trial
62%
IF 60 fifty
62%
PR 87 press
62%
UB 59 clubs
62%
UG 65 ought
62%
WN 35 brown
62%
CI 53 civil
61%
JU 34 judge
61%
MU 78 music
61%
MY 66 myths
61%
OF 45 often
61%
RR 63 carry
61%
WH 55 which
61%
EW 66 views
60%
GY 63 foggy
60%
HY 53 duchy
60%
RM 46 forms
60%
SM 39 small
60%
SW 53 sweet
60%
UP 71 upper
60%
VO 53 voice
60%
XI 34 oxide
60%
AQ 5 aquae
59%
EG 48 began
59%
MM 35 gamma
59%
OX 35 boxes
59%
SY 68 noisy
59%
ZO 41 zones
59%
KY 98 lucky
58%
SN 48 snake
58%
CY 29 cycle
57%
YO 49 young
57%
ZZ 18 pizza
57%
FS 76 roofs
56%
IZ 28 prize
56%
JI 34 kanji
56%
LK 34 talks
56%
NU 46 nurse
56%
ZA 30 plaza
56%
EF 39 chief
55%
OY 41 royal
54%
RB 28 urban
54%
ZY 19 dizzy
54%
IX 41 fixed
53%
KN 26 known
53%
RG 45 argue
53%
RL 52 girls
53%
ZI 27 zilch
53%
DG 30 edges
52%
EQ 3 equal
52%
IB 39 bible
52%
PH 49 phase
52%
GN 19 signs
51%
TC 31 watch
51%
IK 53 liked
50%
OZ 25 dozen
50%
RC 28 force
50%
SQ 8 squad
49%
UF 34 stuff
49%
FY 26 leafy
48%
LM 29 films
48%
PT 38 depth
48%
TW 24 twice
48%
WR 25 wrote
48%
HS 49 paths
47%
OE 46 poems
47%
LP 23 helps
46%
RF 15 dwarf
46%
RP 25 sharp
46%
AH 40 ahead
45%
EU 29 queue
45%
WL 24 newly
45%
CS 20 discs
44%
LB 7 elbow
44%
AO 10 chaos
43%
YI 21 yield
43%
AE 48 aegis
42%
EK 33 weeks
42%
EO 30 video
42%
LV 17 solve
42%
DL 14 badly
41%
VY 15 heavy
41%
YU 18 yucca
41%
EJ 2 eject
40%
LF 15 shelf
40%
RV 17 serve
40%
CC 12 occur
39%
LC 17 ulcer
39%
YL 53 style
39%
NJ 7 enjoy
38%
XA 8 exams
38%
YM 19 lymph
38%
ZU 5 azure
37%
AJ 12 major
36%
DW 5 dwell
36%
TZ 15 fritz
36%
XT 11 extra
36%
XY 14 proxy
36%
FJ 2 fjord
35%
KO 45 koala
35%
MN 6 hymns
35%
LG 13 algae
34%
UZ 15 fuzzy
34%
RH 10 rhyme
33%
UO 15 quote
32%
BT 2 doubt
31%
KL 8 ankle
31%
NF 7 infer
31%
YR 28 lyric
31%
HR 19 three
30%
KH 12 khans
30%
NL 11 inlet
30%
UK 27 dukes
30%
UV 7 mauve
30%
WD 7 crowd
30%
IQ 2 pique
29%
VU 10 revue
29%
CZ 1 czars
28%
KR 14 krill
28%
TL 12 title
28%
WK 7 hawks
28%
KU 23 skull
27%
YP 20 typed
27%
CN 3 acnes
26%
GM 7 dogma
26%
WY 15 snowy
26%
WF 3 awful
25%
YB 5 maybe
25%
LN 6 ulnar
24%
NV 4 envoy
24%
OH 17 aloha
24%
OQ 2 toque
24%
UX 6 beaux
24%
UY 7 buyer
24%
WU 4 swung
24%
CM 2 acmic
23%
VV 4 savvy
23%
DM 4 admit
22%
OJ 7 shoji
22%
XC 1 excel
22%
XL 4 axles
22%
XP 3 expel
22%
BH 4 abhor
21%
QA 4 qanat
21%
YC 12 psych
21%
YT 16 bytes
21%
NP 4 input
20%
EZ 9 mezzo
19%
MC 1 emcee
19%
NW 4 unwed
19%
XO 7 axons
19%
XU 6 nexus
19%
AA 14 kraal
18%
NM 4 unmet
18%
NZ 8 unzip
18%
RQ 1 burqa
18%
DZ 4 adzes
17%
IJ 3 hijab
17%
LW 2 alway
17%
NB 5 unban
17%
WT 6 newts
16%
YN 17 synod
16%
DJ 5 djinn
15%
GB 1 rugby
14%
NR 7 genre
14%
II 7 radii
13%
JJ 1 hajji
13%
YK 8 sykes
13%
BJ 1 objet
12%
TD 1 outdo
12%
VR 4 livre
12%
YW 1 byway
12%
MF 2 comfy
11%
PD 2 updos
11%
PN 1 apnea
11%
UJ 6 thuja
11%
XB 1 oxbow
11%
YG 1 pygmy
11%
DH 11 sadhu
10%
DT 3 width
10%
HL 8 phlox
10%
HN 3 foehn
10%
IW 2 diwan
10%
SB 3 busby
10%
TG 1 outgo
10%
ML 1 dimly
9%
NH 3 unhat
9%
RZ 4 mirza
9%
YD 7 hydra
8%
DK 1 vodka
7%
EH 9 rehab
7%
IH 3 jihad
7%
KK 5 pukka
7%
TK 1 latke
7%
UQ 1 tuque
7%
VS 3 shivs
7%
WP 3 gawps
7%
XM 3 axman
7%
ZL 3 zloty
7%
BK 1 babka
6%
IU 4 opium
6%
NQ 1 tranq
6%
QO 1 qophs
6%
ZM 1 gizmo
6%
HM 3 ohmic
5%
TB 1 outby
5%
BW 1 bwana
4%
HW 2 schwa
4%
KV 2 kvass
4%
PB 2 upbow
4%
SD 2 misdo
4%
YX 4 calyx
4%
GW 2 gwine
3%
IY 3 aliya
3%
MZ 1 hamza
3%
QI 1 faqir
3%
TM 2 atman
3%
TN 1 etnas
3%
BM 1 abmho
2%
HP 1 phpht
2%
JD 1 slojd
2%
JN 1 jnana
2%
JR 1 hijra
2%
LZ 1 colza
2%
MH 1 abmho
2%
MT 1 comte
2%
PJ 1 kopje
2%
RW 1 crwth
2%
WM 1 shawm
2%
YV 2 gyves
2%
KB 1 kbars
1%
KF 1 nakfa
1%
MD 1 fremd
1%
MK 2 dumka
1%
SZ 1 grosz
1%
UH 4 uhlan
1%
UW 1 vrouw
1%
VG 1 avgas
1%
ZH 1 nudzh
1%
No matching quizzes found
Score Distribution
Percent of People with Each Score
Percentile by Number Answered
Your Score History
You have not taken this quiz